LEADER 01021nam a2200277 4500 001 991002011639707536 008 130405s1972 nyua b 001 0 eng d 035 $ab14106802-39ule_inst 040 $aDip.to Fisica$beng 082 00$a530.1/5/9408 084 $aLC QA401 084 $a52.9.5 245 00$aSeismology:$bsurface waves and earth oscillations /$cBruce A. Bolt (volume editor) 260 $aNew York,$bAcademic Press,$c1972 300 $ax, 309 p.$bill.;$c24 cm 440 0$aMethods in computational physics ;$v11 504 $aIncludes bibliographies 650 0$aSeismic waves 650 0$aFree earth oscillations 700 1 $aBolt, Bruce A.$eauthor$4http://id.loc.gov/vocabulary/relators/aut$042988 907 $a.b14106802$b28-01-14$c05-04-13 912 $a991002011639707536 945 $aLE006 52.9.5 ALD$g1$i2006000024457$lle006$op$pE0.00$q-$rl$s- $t0$u0$v0$w0$x0$y.i15496193$z05-04-13 996 $aSeismology$91442876 997 $aUNISALENTO 998 $ale006$b05-04-13$cm$da $e-$feng$gnyu$h0$i0 LEADER 01056nam a2200277 i 4500 001 991000426209707536 005 20020503180520.0 008 970221s1966 it ita 020 $a8844900017 035 $ab10075859-39ule_inst 035 $aLE02515817$9ExL 040 $aFac. Economia$bita 082 0 $a332.63232 100 1 $aMoro Visconti, Roberto$0105248 245 12$aI certificati di credito del Tesoro :$bmercato, pricing, regime fiscale, strategie di gestione /$cRoberto Moro Visconti ; presentazione di Ernesto Paolillo 260 $aMilano :$bEdibank,$cc1966 300 $a259 p. ;$c24 cm 490 0 $aStudi e tendenze 650 4$aTitoli di Stato 700 1 $aPaolillo, Ernesto 907 $a.b10075859$b11-05-18$c27-06-02 912 $a991000426209707536 945 $aLE025 ECO 332.6 MOR01.03$g1$i2025000027657$lle025$nCatalogato 2018$o-$pE0.00$q-$rl$s- $t0$u3$v6$w3$x0$y.i10085907$z27-06-02 996 $aCertificati di credito del Tesoro$9195225 997 $aUNISALENTO 998 $ale025$b01-01-97$cm$da $e-$fita$git $h2$i1